000 00699nam a2200193 a 4500
001 000040917
005 20201002034457.0
008 130911s1997 pr 000 0 spa d
020 _a086581497X
040 _aDO-SdBNP
_bspa
_cBNPHU
082 _axxxxx
_bxxxxx
100 1 _aMoscoso, Francisco
_d1949-
_954601
245 1 0 _aLucha agraria en Puerto Rico 1541-1545 /
_cFrancisco Moscoso.
260 _aSan Juan, Puerto Rico, :
_bInstituto de cultura puertorriqueña,
_c1997.
300 _a245 p. ;
_c20 cm.
500 _aIncluye datos biográficos del autor en la contracubierta
504 _aIncluye referencias bibliográficas y notas al pie de las páginas
504 _aBibliografías : p. 234-246
999 _c40407
_d40407